| 000 | 01022nam a2200229 i 4500 | ||
|---|---|---|---|
| 001 | 164726 | ||
| 003 | ES-MaACL | ||
| 005 | 20251105063137.0 | ||
| 008 | 030512s1864 sp |||| |dspa d | ||
| 100 | 1 |
_aSanson, Henri-Clément, _d1799-1889 _9167494 |
|
| 245 | 1 | 0 |
_aSiete generaciones de verdugos _b: 1688-1847 : memorias históricas / _cde H. Sanson ; traducido expresamente por José Leson y Moreno para su inserción en "La Correspondencia de España". |
| 260 |
_aMadrid : _b[s.n.], _c1864 ( _fImp. y oficinas de La Correspondencia de España) |
||
| 300 |
_a6 t. en 1 v. (78, 86, 96, 83, 95, 104 p.) ; _c24 cm. |
||
| 490 | 1 | _aBiblioteca de La Correspondencia | |
| 597 | _aEnc.: 6 t. en 1 v., cada uno con port. propia. | ||
| 600 | 3 | 4 |
_aSanson (Familia) _9167495 |
| 650 | 4 |
_aVerdugos- _zFrancia. _9167493 |
|
| 650 | 4 |
_aPena de muerte- _zFrancia. _9167525 |
|
| 830 | 0 |
_aBiblioteca de La Correspondencia _9187724 |
|
| 852 |
_aES-MaACL _jD-125 _z- Enc. pasta _z. - Donativo Lastres |
||
| 999 |
_c164726 _d164726 |
||